| 000 | 01002cam a2200277 a 4500 | ||
|---|---|---|---|
| 999 |
_c234970 _d234970 |
||
| 001 | 12104838 | ||
| 003 | Nust | ||
| 005 | 20170403181229.0 | ||
| 008 | 000713s2001 nyu 000 1 eng | ||
| 010 | _a 00058414 | ||
| 020 | _a9780747593812 | ||
| 040 |
_aDLC _cDLC _dDLC |
||
| 043 | _aa-ii--- | ||
| 050 | 0 | 0 |
_aPS3569.U725 _bD43 2001 |
| 082 | 0 | 0 |
_a813.6 _bSUR |
| 100 | 1 | _aSuri, Manil. | |
| 245 | 1 | 4 |
_aThe death of Vishnu / _cManil Suri. |
| 260 |
_aNew York : _bW.W. Norton, _c2001. |
||
| 300 |
_a329 p. ; _c24 cm. |
||
| 650 | 0 |
_aApartment houses _vFiction. |
|
| 650 | 0 |
_aHousehold employees _vFiction. |
|
| 650 | 0 |
_aDeath _vFiction. |
|
| 651 | 0 |
_aMumbai (India) _vFiction. |
|
| 655 | 7 |
_aDomestic fiction. _2lcsh |
|
| 906 |
_a7 _bcbc _corignew _d1 _eocip _f20 _gy-gencatlg |
||
| 942 |
_2ddc _cBK |
||